000 00249nam a2200109Ia 4500
008 190216s9999||||xx |||||||||||||| ||und||
100 _aSree Raman C V
245 0 _aPuram Kazhchakal
260 _bP K B Publishers
650 _aKathakal
942 _cBK
999 _c26303
_d26303